| 000 | 00561nam a2200157 4500 | ||
|---|---|---|---|
| 999 |
_c80363 _d80363 |
||
| 008 | 201207b ||||| |||| 00| 0 eng d | ||
| 040 |
_bger _cSTAFF _erda _aSTAFF |
||
| 041 | _ager | ||
| 100 | _aSimmich, Matthias | ||
| 245 |
_aDie Welt schaut nach Brandenburg - _bDie Potsdamer Konferenz 1945 im Schloss Cecilienhof/ _cMatthias Simmich |
||
| 773 |
_dBerlin: Die Mark Brandenburg - Verlag für Regional- und Zeitgeschichte _g(2020) Sonderheft, S. 10-16 _tDie Mark Brandenburg |
||
| 942 | _cA | ||